000 00750nam a2200265Ia 4500
003 OSt
005 20220918163433.0
006 a|||||r|||| 00| 0
007 ta
008 220917b |||||||| |||| 00| 0 eng d
020 _a0 85417 459 1
024 _a31,171
037 _cTextual
040 _aARTS
_cARTS
_beng
041 _2eng
_aeng
082 _aO111,6J93x, L6
100 _aWalton Izaak
_913158
245 0 _aCompleat angler
260 _aLondon
_bScolar Press UK
_c1976
300 _a275p.
_ccm.
490 _aCotton (Charles ) : the compleat angler. Venables (Robert ) : the experiened angler
650 _aENGLISH LITERATURE
942 _hO111,6J93x, L6
_cTEXL
_2CC
999 _c119608
_d119608